000 00502nam a2200133Ia 4500
008 100328s9999 xx 000 0 und d
082 _b14569
100 _aजागीरदार प्र.ज.
245 _aकाही विचारवंत काही इतिहास
260 _bविनायक
630 _aकाही विचारवंत काही इतिहास
730 _aकाही विचारवंत काही इतिहास
942 _cBOOK
999 _c509501
_d509498